<?xml version="1.0" encoding="UTF-8"?>
<record
    xmlns:xsi="http://www.w3.org/2001/XMLSchema-instance"
    xsi:schemaLocation="http://www.loc.gov/MARC21/slim http://www.loc.gov/standards/marcxml/schema/MARC21slim.xsd"
    xmlns="http://www.loc.gov/MARC21/slim">

  <leader>00829nam a22001577a 4500</leader>
  <controlfield tag="003">OSt</controlfield>
  <controlfield tag="005">20151019145400.0</controlfield>
  <controlfield tag="008">151019b        xxu||||| |||| 00| 0 eng d</controlfield>
  <datafield tag="040" ind1=" " ind2=" ">
    <subfield code="c">RUA</subfield>
  </datafield>
  <datafield tag="082" ind1=" " ind2=" ">
    <subfield code="a">AVM  YOU 2009 B087 Or.1</subfield>
  </datafield>
  <datafield tag="100" ind1=" " ind2=" ">
    <subfield code="9">2465</subfield>
    <subfield code="a">YOU, SARATH.</subfield>
  </datafield>
  <datafield tag="245" ind1=" " ind2=" ">
    <subfield code="a">Effect of using mung bean foliage replacing soy bean in feed ingredient on growth rate of quail at animal experimental station of rua, &#x17A5;&#x1791;&#x17D2;&#x1792;&#x17B7;&#x1796;&#x179B;&#x1793;&#x17C3;&#x1780;&#x17B6;&#x179A;&#x1794;&#x17D2;&#x179A;&#x17BE;&#x1794;&#x17D2;&#x179A;&#x17B6;&#x179F;&#x17CB;&#x179F;&#x17D2;&#x179B;&#x17B9;&#x1780;&#x179F;&#x178E;&#x17D2;&#x178A;&#x17C2;&#x1780;&#x1794;&#x17B6;&#x1799;&#x1787;&#x17C6;&#x1793;&#x17BD;&#x179F;&#x179F;&#x178E;&#x17D2;&#x178A;&#x17C2;&#x1780;&#x179F;&#x17C0;&#x1784;&#x1787;&#x17B6;&#x1785;&#x17C6;&#x178E;&#x17B8;&#x1795;&#x17D2;&#x179F;&#x17C6;&#x179B;&#x17BE;&#x1780;&#x17B6;&#x179A;&#x179B;&#x17BC;&#x178F;&#x179B;&#x17B6;&#x179F;&#x17CB;&#x179A;&#x1794;&#x179F;&#x17CB;&#x1780;&#x17D2;&#x179A;&#x17BC;&#x1785;&#x1793;&#x17C5;&#x179F;&#x17D2;&#x1790;&#x17B6;&#x1793;&#x17B8;&#x1799;&#x17CD;&#x1785;&#x17B7;&#x1789;&#x17D2;&#x1785;&#x17B9;&#x1798;&#x179F;&#x178F;&#x17D2;&#x179C;&#x200B;&#x1793;&#x17C3;&#x179F;.&#x179C;.&#x1780;.&#x1797; </subfield>
  </datafield>
  <datafield tag="260" ind1=" " ind2=" ">
    <subfield code="a">Phnom Penh</subfield>
    <subfield code="b">RUA</subfield>
    <subfield code="c">2009</subfield>
  </datafield>
  <datafield tag="300" ind1=" " ind2=" ">
    <subfield code="a">x; 40p.</subfield>
    <subfield code="b">ill.</subfield>
    <subfield code="c">29cm.</subfield>
  </datafield>
  <datafield tag="942" ind1=" " ind2=" ">
    <subfield code="2">ddc</subfield>
    <subfield code="c">AVM</subfield>
  </datafield>
  <datafield tag="999" ind1=" " ind2=" ">
    <subfield code="c">2319</subfield>
    <subfield code="d">2319</subfield>
  </datafield>
  <datafield tag="952" ind1=" " ind2=" ">
    <subfield code="0">0</subfield>
    <subfield code="1">0</subfield>
    <subfield code="2">ddc</subfield>
    <subfield code="4">0</subfield>
    <subfield code="6">AVM_YOU_2009_000000000000000_B087_OR_1</subfield>
    <subfield code="7">0</subfield>
    <subfield code="9">10018</subfield>
    <subfield code="a">LBB</subfield>
    <subfield code="b">LBB</subfield>
    <subfield code="c">B087</subfield>
    <subfield code="d">2015-10-19</subfield>
    <subfield code="o">AVM  YOU 2009 B087 Or.1</subfield>
    <subfield code="p">RUA015886</subfield>
    <subfield code="r">2015-10-19</subfield>
    <subfield code="w">2015-10-19</subfield>
    <subfield code="y">AVM</subfield>
  </datafield>
  <datafield tag="952" ind1=" " ind2=" ">
    <subfield code="0">0</subfield>
    <subfield code="1">0</subfield>
    <subfield code="2">ddc</subfield>
    <subfield code="4">0</subfield>
    <subfield code="6">AVM_YOU_2009_000000000000000_B087_OR_2</subfield>
    <subfield code="7">0</subfield>
    <subfield code="9">10019</subfield>
    <subfield code="a">LBB</subfield>
    <subfield code="b">LBB</subfield>
    <subfield code="c">B087</subfield>
    <subfield code="d">2015-10-19</subfield>
    <subfield code="o">AVM  YOU 2009 B087 Or.2</subfield>
    <subfield code="p">RUA016029</subfield>
    <subfield code="r">2015-10-19</subfield>
    <subfield code="w">2015-10-19</subfield>
    <subfield code="y">AVM</subfield>
  </datafield>
  <datafield tag="952" ind1=" " ind2=" ">
    <subfield code="0">0</subfield>
    <subfield code="1">0</subfield>
    <subfield code="2">ddc</subfield>
    <subfield code="4">0</subfield>
    <subfield code="6">AVM_YOU_2009_000000000000000_B087_OR_3</subfield>
    <subfield code="7">0</subfield>
    <subfield code="9">10020</subfield>
    <subfield code="a">LBB</subfield>
    <subfield code="b">LBB</subfield>
    <subfield code="c">B087</subfield>
    <subfield code="d">2015-10-19</subfield>
    <subfield code="o">AVM  YOU 2009 B087 Or.3</subfield>
    <subfield code="p">RUA016201</subfield>
    <subfield code="r">2015-10-19</subfield>
    <subfield code="w">2015-10-19</subfield>
    <subfield code="y">AVM</subfield>
  </datafield>
  <datafield tag="952" ind1=" " ind2=" ">
    <subfield code="0">0</subfield>
    <subfield code="1">0</subfield>
    <subfield code="2">ddc</subfield>
    <subfield code="4">0</subfield>
    <subfield code="6">AVM_YOU_2009_000000000000000_B087_OR_4</subfield>
    <subfield code="7">0</subfield>
    <subfield code="9">10021</subfield>
    <subfield code="a">LBB</subfield>
    <subfield code="b">LBB</subfield>
    <subfield code="c">B087</subfield>
    <subfield code="d">2015-10-19</subfield>
    <subfield code="l">1</subfield>
    <subfield code="o">AVM  YOU 2009 B087 Or.4</subfield>
    <subfield code="p">RUA016134</subfield>
    <subfield code="r">2022-11-16</subfield>
    <subfield code="s">2022-11-01</subfield>
    <subfield code="w">2015-10-19</subfield>
    <subfield code="y">AVM</subfield>
  </datafield>
  <datafield tag="952" ind1=" " ind2=" ">
    <subfield code="0">0</subfield>
    <subfield code="1">0</subfield>
    <subfield code="2">ddc</subfield>
    <subfield code="4">0</subfield>
    <subfield code="6">AVM_YOU_2009_000000000000000_B087_OR_5</subfield>
    <subfield code="7">0</subfield>
    <subfield code="9">10022</subfield>
    <subfield code="a">LBB</subfield>
    <subfield code="b">LBB</subfield>
    <subfield code="c">B087</subfield>
    <subfield code="d">2015-10-19</subfield>
    <subfield code="l">1</subfield>
    <subfield code="o">AVM  YOU 2009 B087 Or.5</subfield>
    <subfield code="p">RUA016080</subfield>
    <subfield code="r">2016-03-24</subfield>
    <subfield code="s">2016-03-04</subfield>
    <subfield code="w">2015-10-19</subfield>
    <subfield code="y">AVM</subfield>
  </datafield>
  <datafield tag="952" ind1=" " ind2=" ">
    <subfield code="0">0</subfield>
    <subfield code="1">0</subfield>
    <subfield code="2">ddc</subfield>
    <subfield code="4">0</subfield>
    <subfield code="6">AVM_YOU_2009_000000000000000_B087_OR_6</subfield>
    <subfield code="7">0</subfield>
    <subfield code="9">10023</subfield>
    <subfield code="a">LBB</subfield>
    <subfield code="b">LBB</subfield>
    <subfield code="c">B087</subfield>
    <subfield code="d">2015-10-19</subfield>
    <subfield code="o">AVM  YOU 2009 B087 Or.6</subfield>
    <subfield code="p">RUA006780</subfield>
    <subfield code="r">2015-10-19</subfield>
    <subfield code="w">2015-10-19</subfield>
    <subfield code="y">AVM</subfield>
  </datafield>
  <datafield tag="952" ind1=" " ind2=" ">
    <subfield code="0">0</subfield>
    <subfield code="1">0</subfield>
    <subfield code="2">ddc</subfield>
    <subfield code="4">0</subfield>
    <subfield code="6">AVM_YOU_2009_000000000000000_B087_OR_7</subfield>
    <subfield code="7">0</subfield>
    <subfield code="9">10024</subfield>
    <subfield code="a">LBB</subfield>
    <subfield code="b">LBB</subfield>
    <subfield code="c">B087</subfield>
    <subfield code="d">2015-10-19</subfield>
    <subfield code="o">AVM  YOU 2009 B087 Or.7</subfield>
    <subfield code="p">RUA006009</subfield>
    <subfield code="r">2015-10-19</subfield>
    <subfield code="w">2015-10-19</subfield>
    <subfield code="y">AVM</subfield>
  </datafield>
  <datafield tag="952" ind1=" " ind2=" ">
    <subfield code="0">0</subfield>
    <subfield code="1">0</subfield>
    <subfield code="2">ddc</subfield>
    <subfield code="4">0</subfield>
    <subfield code="6">AVM_YOU_2009_000000000000000_B087_OR_8</subfield>
    <subfield code="7">0</subfield>
    <subfield code="9">10284</subfield>
    <subfield code="a">LBB</subfield>
    <subfield code="b">LBB</subfield>
    <subfield code="c">B087</subfield>
    <subfield code="d">2015-10-20</subfield>
    <subfield code="l">1</subfield>
    <subfield code="o">AVM  YOU 2009 B087 Or.8</subfield>
    <subfield code="p">RUA009448</subfield>
    <subfield code="r">2017-08-03</subfield>
    <subfield code="s">2017-02-10</subfield>
    <subfield code="w">2015-10-20</subfield>
    <subfield code="y">AVM</subfield>
  </datafield>
  <datafield tag="952" ind1=" " ind2=" ">
    <subfield code="0">0</subfield>
    <subfield code="1">0</subfield>
    <subfield code="2">ddc</subfield>
    <subfield code="4">0</subfield>
    <subfield code="6">AVM_YOU_2009_000000000000000_B087_OR_9</subfield>
    <subfield code="7">0</subfield>
    <subfield code="9">10285</subfield>
    <subfield code="a">LBB</subfield>
    <subfield code="b">LBB</subfield>
    <subfield code="c">B087</subfield>
    <subfield code="d">2015-10-20</subfield>
    <subfield code="l">2</subfield>
    <subfield code="o">AVM  YOU 2009 B087 Or.9</subfield>
    <subfield code="p">RUA018306</subfield>
    <subfield code="r">2016-08-19</subfield>
    <subfield code="s">2016-08-17</subfield>
    <subfield code="w">2015-10-20</subfield>
    <subfield code="y">AVM</subfield>
  </datafield>
</record>
